000 00670nam a2200205 4500
001 143804
003 ES-MaACL
005 20230906200859.0
007 t|
008 070214s1929 xxk r ||||1| eng d
080 _a008:136.1
245 0 0 _aSex in civilization /
_cedited by V.F. Calverton and S.D. Schmalhausen ; with an introduction by Havelock Ellis.
260 _aLondon :
_bGeorge Allen,
_c1929.
300 _a720 p. ;
_c25 x 17 cm.
650 0 0 _aSexualidad-
_xAspectos sociales.
_917080
700 1 _aCalverton, V. F.
_933804
700 1 _aSchmalhausen, Samuel Daniel.
_9104443
700 1 _aEllis, Havelock (
_d1859-1939)
_947049
852 _aES-MaACL
_jA-116
999 _c143804
_d143804